Les 171 plus grandes œuvres philosophiques occidentales - Statistiques

Statistiques générales
  • Ce quiz a été pris 146 fois
  • Le résultat moyen est 30 sur 171
Statistiques - réponses
Philosophe Œuvre % Correct
Platon La République
75%
Platon Le Banquet
71%
Marx Le Capital
71%
Pascal Pensées
69%
Machiavel Le Prince
64%
Hobbes Le Léviathan
61%
Spinoza Éthique
58%
Montaigne Essais
54%
Kant Critique de la raison pure
53%
Nietzsche Ainsi parlait Zarathoustra
49%
Marx et Engels Manifeste du parti communiste
49%
Marc-Aurèle Pensées pour moi-même
47%
Platon Gorgias
46%
Sartre L'Être et le Néant
46%
Aristote Métaphysique
46%
Voltaire Candide
44%
Rousseau Du contrat social
43%
De Beauvoir Le deuxième sexe
43%
Descartes Le discours de la méthode
43%
Descartes Méditations Métaphysiques
43%
Tocqueville De la démocratie en Amérique
42%
Aristote Éthique à Nicomaque
42%
Nietzsche Le Gai Savoir
39%
Camus Le Mythe de Sisyphe
38%
Kant Critique de la faculté de juger
36%
Kant Critique de la raison pratique
36%
Diderot Encyclopédie
34%
Bergson Le Rire
34%
Sartre L'existentialisme est un humanisme
31%
Hegel Phénoménologie de l’esprit
31%
Platon Apologie de Socrate
30%
Épicure Lettre à Ménécée
30%
La Boétie Discours sur la servitude volontaire
29%
Platon Protagoras
29%
Montesquieu De l’esprit des lois
28%
Héraclite Fragments
28%
Nietzsche Par-delà le bien et le mal
28%
Nietzsche La Généalogie de la morale
27%
Kant Qu'est-ce que les Lumières ?
27%
Platon Ménon
26%
Heidegger Être et Temps
25%
Debord La société du Spectacle
25%
Schopenhauer Le Monde comme volonté et comme représentation
25%
Foucault Surveiller et punir
25%
Aristote Physique
24%
Camus L'Homme révolté
22%
Epictète Manuel d'Épictète
22%
Nietzsche Humain, trop humain
20%
Platon Phèdre
20%
Platon Criton
19%
Nietzsche Ecce homo
19%
Rousseau Émile ou de l’éducation
19%
Platon Ion
19%
Nietzsche Le Crépuscule des idoles
19%
Leibniz Monadologie
19%
Platon Parménide
19%
Aristote Poétique
19%
Parménide De la Nature
18%
Hume Enquête sur l’entendement humain
18%
Locke Essai sur l’entendement humain
18%
Platon Le Sophiste
18%
Stirner L’unique et sa propriété
18%
Aristote Organon
18%
Platon Phédon
18%
St-Thomas d’Aquin Somme théologique
18%
Rousseau Discours sur l'origine et les fondements de l'inégalité parmi les hommes
17%
Kant Fondements de la métaphysique des mœurs
17%
Wittgenstein Tractatus logico-philosophicus
17%
Spinoza Traité Théologico-Politique
17%
Aristote De l'âme
16%
Mill L’utilitarisme
16%
Platon Timée
16%
Bourdieu La distinction
15%
Sénèque Lettre à Lucilius
15%
Marx L'Idéologie allemande
15%
Platon Théétète
15%
Hegel Esthétique
13%
Platon Hippias
13%
St-Thomas d’Aquin La somme contre les gentils
13%
Smith Recherches sur la nature et les causes de la richesse des nations
13%
Nietzsche Considérations inactuelles
12%
Arendt Eichmann à Jérusalem
12%
Nietzsche l'Antéchrist
12%
Husserl Méditations cartésiennes
12%
Aristote Parties des animeaux
12%
Aristote Rhétorique
12%
Butler Trouble dans le genre
12%
Cioran De l'inconvénient d'être né
11%
Leibniz Essais de Théodicée
11%
Arendt Les Origines du totalitarisme
11%
Adorno et Horkheimer La dialectique de la raison
11%
Marx Manuscrits de 1844
11%
Proudhon Qu'est-ce que la propriété ?
11%
Descartes Règles pour la direction de l'esprit
11%
Aristote Du ciel
10%
Averroès Discours décisif
9%
Weil La Condition ouvrière
9%
Fanon Les damnés de la terre
9%
Foucault Les mots et les choses
9%
Leibniz Nouveaux Essais sur l'entendement humain
9%
Lévi-strauss Race et histoire
9%
Rawls Théorie de la justice
9%
Lévinas Totalité et Infini
9%
Hegel Encyclopédie des sciences philosophiques
8%
Foucault Histoire de la sexualité
8%
Kropotkine La Conquête du pain
8%
Husserl La Crise des sciences européennes et la phénoménologie transcendantale
8%
Bachelard La Psychanalyse du feu
8%
Hegel La science de la logique
8%
Hegel Principes de la philosophie du droit
8%
Kant Prolégomènes à toute métaphysique future
8%
Arendt Condition de l'homme moderne
7%
Platon Critias
7%
Saint-Augustin Doctrine Chrétienne
7%
Deleuze L'Anti-Œdipe
7%
Bergson Les Deux sources de la morale et de la religion
7%
Freud Malaise dans la civilisation
7%
Marx Misère de la philosophie
7%
Platon Philèbe
7%
D’Holbach Système de la nature
7%
Kierkegaard Traité du désespoir
7%
Comte Cours de philosophie positive
6%
Malebranche De la recherche de la vérité
6%
Marcuse Éros et civilisation
6%
Bergson Essai sur les données immédiates de la conscience
6%
Merleau-Ponty Le Visible et l'Invisible
6%
Descola Par-delà nature et culture
6%
Berkeley Principes de la connaissance humaine
6%
Kant Projet de paix perpétuelle
6%
Heidegger Qu'est-ce que la métaphysique ?
6%
Husserl Recherches logiques
6%
Heidegger Chemins qui ne mènent nulle part
4%
Aristote De la génération et de la Corruption
4%
Weber Économie et société
4%
Russell Éloge de l’oisiveté
4%
Wittgenstein Investigations philosophiques
4%
Durkheim Les Règles de la méthode sociologique
4%
Austin Quand dire, c’est faire
4%
Horkheimer Théorie traditionnelle et théorie critiqu
4%
Sartre Critique de la raison dialectique
3%
Lukács Histoire et conscience de classe
3%
Bentham Introduction aux principes de morale et de législation
3%
Marx Les Luttes de classes en France
3%
Al-Ghazali L'Incohérence des philosophes
3%
Freud L'Interprétation du rêve
3%
Descartes Principes de philosophie
3%
Deleuze Qu'est-ce que la philosophie ?
3%
Ockham Somme de logique
3%
Berkeley Trois dialogues entre Hylas et Philonous
3%
Derrida De la grammatologie
2%
Kant Idée d'une histoire universelle d'un point de vue cosmopolitique
2%
Popper La société ouverte et ses ennemis
2%
Bourdieu Méditations pascaliennes
2%
Habermas Théorie de l'agir communicationnel
2%
Wittgenstein Conférence sur l’éthique
1%
Benjamin Critique de la violence
1%
Popper La connaissance objective
1%
Kuhn La structure des révolution scientifiques
1%
Foucault L’histoire de la folie à l’âge classique
1%
Benjamin L'œuvre d'art à l'époque de sa reproduction mécanisée
1%
Russell Principia mathematica
1%
Russell Problèmes de philosophie
1%
Thomson The trolley problem
1%
Nozick Anarchie, État et utopie
0%
Constant Cours de politique constitutionnelle
0%
Bachelard La Formation de l'esprit scientifique
0%
Carnap Fondements logiques des probabilités
0%
Singer La Libération animale
0%
Heidegger Le Principe de raison
0%
Oakley Sex, Gender and society
0%
Deleuze Spinoza, philosophie pratique
0%
Aucun quiz correspondant
Distribution des résultats
% des personnes avec chaque résultat
Percentile par nombre de réponses
Votre historique - résultats
Vous n’avez pas pris ce quiz